European Countries with X, Y, or Z - Statistics

General Stats
  • This quiz has been taken 68 times
    56 since last reset
  • The average score is 7 of 9
Answer Stats
Country % Correct
Italy
88%
Hungary
85%
Czech Republic
83%
Norway
83%
Germany
79%
Luxembourg
79%
Switzerland
79%
Bosnia and Herzegovina
71%
Vatican City
52%
No matching quizzes found
Score Distribution
Percent of People with Each Score
Percentile by Number Answered
Your Score History
You have not taken this quiz since the last reset